000 00736nam a2200241Ia 4500
003 OSt
005 20220927110347.0
006 a|||||r|||| 00| 0
007 ta
008 220926b |||||||| |||| 00| 0 eng d
024 _a49459
037 _cReports
040 _aRTL
_cRTL
_beng
041 _2eng
_aeng
082 _a"X:89Q8.3.N59t, K2/GD"
111 _a"Great Britain, consumer protection committee on--(Chairman: J T Molony) (1959 : UK)"
_9376628
245 0 _aFinal Report.
260 _aLondon
_bHer Majesty's Stationery office UK
_c1962
300 _a"vii, 330p."
_ccm.
650 _aQuality Control
_9353933
942 _h"X:89Q8.3.N59t, K2/GD"
_cCC
999 _c695789
_d695789